| 000 | 00615cam a2200229 4500 | ||
|---|---|---|---|
| 999 |
_c532189 _d532189 |
||
| 003 | Nust | ||
| 005 | 20191112113035.0 | ||
| 008 | 170216b xxu||||| |||| 00| 0 eng d | ||
| 020 | _a0060451912 | ||
| 038 | _aMSOHAIL | ||
| 040 | _cNust-MCE | ||
| 082 | 0 | 0 |
_a552.5 _bPET |
| 100 | 1 |
_aPettijohn, F. J. _925533 |
|
| 245 | 1 | 0 |
_aSedimentary rocks _c[by] F. J. Pettijohn. |
| 250 | _a3d ed. | ||
| 260 |
_aNew York, _bHarper & Row _c[1975] |
||
| 300 |
_axii, 628 p. _billus. _c26 cm. |
||
| 650 | 0 |
_aSedimentary rocks. _925534 |
|
| 650 | 0 |
_aSedimentation and deposition. _925535 |
|
| 650 | 0 |
_aMCE _9379 |
|
| 942 |
_cBK _2ddc |
||